| 000 | 00772cam a2200229 4500500 | ||
|---|---|---|---|
| 005 | 20260322001459.0 | ||
| 041 | _afre | ||
| 042 | _adc | ||
| 100 | 1 | 0 |
_aMazel, Florian _eauthor |
| 245 | 0 | 0 | _aLe partage des pouvoirs |
| 260 | _c2020. | ||
| 500 | _a76 | ||
| 690 | _aChanoine | ||
| 690 | _aClerc qui entoure l’évêque à partir du | ||
| 690 | _ae | ||
| 690 | _asiècle ; le groupe des chanoines forme le chapitre. Certains chanoines | ||
| 690 | _a appelés dignitaires | ||
| 690 | _a occupent une fonction particulière | ||
| 690 | _avii | ||
| 786 | 0 | _nL'Histoire - Les Collections | 89 | 4 | 2020-10-01 | p. 44-49 | 2727-6945 | |
| 856 | 4 | 1 | _uhttps://shs.cairn.info/magazine-hist-l-hisoire-les-collections-2020-4-page-44?lang=fr&redirect-ssocas=7080 |
| 999 |
_c1715163 _d1715163 |
||